000 00430nab a2200145Ia 4500
003 ES-SlBCS
005 20210601125230.0
008 140529s1972 xxu||||| |||| 00| 0 eng d
041 _aeng
100 1 _aAnguelov, Stefan
_9155743
245 0 0 _aEthics as a Science
_c Stefan Anguelov
650 0 4 _aÉtica-Ciencia
_9155744
773 0 _tPhilosophy and Phenomenological Research
_gvol. 33, 1972, págs. 207-215
_wRev1411
942 _cAR
999 _c526939
_d526939